Exportná výkonnosť a dovozná náročnosť V4 diplomová práca

Salvato in:
Dettagli Bibliografici
Autore principale: Rýdzi, Matúš
Ente Autore: Obchodná fakulta EU. Katedra medzinárodného obchodu
Altri autori: Pásztorová, Janka, 1960-
Natura: Libro
Lingua:slovacco
Pubblicazione: Bratislava 2020
Tags: Aggiungi Tag
Nessun Tag, puoi essere il primo ad aggiungerne!!

MARC

LEADER 00000nbm a2200000 4500
001 0266377
005 20201008083735.7
041 0 |a slo 
044 |a SK 
245 1 0 |a Exportná výkonnosť a dovozná náročnosť V4  |b diplomová práca  |c Matúš Rýdzi ; školiteľ: Janka Pásztorová 
264 1 |a Bratislava  |c 2020 
300 |a 84 s. 
100 1 |a Rýdzi, Matúš 
700 1 |a Pásztorová, Janka, 1960- 
710 2 |a Obchodná fakulta EU. Katedra medzinárodného obchodu